000 00798cab a2200253 4500
001 ABS44262
008 090401t1991 xxu||||| |||| 00| 0 eng d
035 _a(Sirsi) u46225
041 _aeng
100 _aCastle, R.
245 4 _aThe Land Registry : into the twenty-first century
260 _c1991
350 _a0
490 _aSolicitors` Journal
_v135 (8) March 1991, 271-285 (4)
520 _aAssesses the role of the Land Registry following its change from a government department to an executive agency and the opening up of the register for public inspection.
650 _aCOMPULSORY LAND REGISTRATION
650 _aHOUSE SALES
650 _aLAND REGISTRATION
650 _aPROPERTY SALES
650 _aSTATISTICS
690 _aLAND
942 _n0
948 _c04/03/1997
999 _c29250
_d29250